00772 a2200193 4500020004000000040001300040082001300053100002500066245008700091250001200178260003600190300003700226650003400263700002100297856007700318942002500395999001500420952014300435 a0201433079 (hardcover : alk. paper) aDLCbDLC00a005.4/321 aStevens, W. Richard.10aAdvanced programming in the Unix environmentcW. Richard Stevens, Stephen A. Rago. a2nd ed. aIndia :bAddison-Wesley,c2005. axxviii, 927 p. :bill. ;c24 cm. 0aOperating systems (Computers)1 aRago, Stephen A.413Table of contentsuhttp://www.loc.gov/catdir/toc/ecip059/2005007943.html cBKk005.432 STE2ddc c9431d9431 001040708NFICaCLbCLcOSd2006-06-17eAllied Book Companyg427.50l1o005.432 STEpSEECS007456r2015-02-16s2014-09-08w2017-01-05yBK